Normal view
MARC view
- Reddy, Jaya Rami P
Entry Personal Name
001 - CONTROL NUMBER
- control field: 7119
003 - CONTROL NUMBER IDENTIFIER
- control field: OSt
005 - DATE AND TIME OF LATEST TRANSACTION
- control field: 20250211143424.0
008 - FIXED-LENGTH DATA ELEMENTS
- fixed length control field: 250211|| aca||aabn | a|a d
040 ## - CATALOGING SOURCE
- Original cataloging agency: OSt
- Transcribing agency: OSt
100 ## - HEADING--PERSONAL NAME
- Personal name: Reddy, Jaya Rami P
670 ## - SOURCE DATA FOUND
- Source citation: Work cat.: (OSt)19355: Reddy, Jaya Rami P, Text Book of Hydrology
